000
00220nam a2200085Ia 4500
245
0
_a
Sewing basics
100
_a
GARDINER, Wendy Cape Town, 2003
_9
83266
942
_c
BK
008
210817s9999 xx 000 0 und d
999
_c
302959
_d
302958